EUROFORM : Konf. Epitaxial growth of III-V and II-VI semiconductors, Aachen, DBR, 24.- 26. June 1992

Na minha lista:
Detalhes bibliográficos
Formato: Livro
Idioma:inglês
Publicado em: Aachen : IHT RWTH, 1992
Assuntos:
Tags: Adicionar Tag
Sem tags, seja o primeiro a adicionar uma tag!

MARC

LEADER 00000nam a22000003a 4500
001 stu2107
005 20150408174949.5
008 920701s1992----bg------------------eng-d
040 |a STU  |b slo 
041 0 |a eng 
044 |a bg 
080 |a 538.975 
080 |a 539.23 
080 |a 061.3(08) 
245 |a EUROFORM :  |b Konf. Epitaxial growth of III-V and II-VI semiconductors, Aachen, DBR, 24.- 26. June 1992 
260 |a Aachen :  |b IHT RWTH,  |c 1992 
300 |a Nestr 
650 7 |a polovodiče  |2 stusub 
650 7 |a tenké vrstvy  |2 stusub 
650 7 |a epitaxiálny rast  |2 stusub 
996 |b EZ-292  |c E*Z-292  |l EE11  |s P  |a 0  |w stu2107_0001